Lung volume reduction advances in Chronic Obstructive Pulmonary Disease /

Saved in:
நூற்பட்டியல் விவரங்கள்
மற்ற எழுத்தாளர்கள்: Hopkinson, Nicholas. (Speaker)
வடிவம்: மின்னணு
மொழி:English
வெளியீடப்பட்டது: London : Henry Stewart Talks, 2012.
தொகுதி:Henry Stewart talks. Biomedical & life sciences collection. Advances in Chronic Obstructive Pulmonary Disease (COPD)
பகுதிகள்:
குறியீடுகள்: குறிச்சொல் இணை
குறியீடுகள் இல்லை, இந்த குறிச்சொல்லை முதலில் பதிவு செய்யுங்கள்!
LEADER 01431ngm a22002895a 4500
001 014242546-X
005 20150116184921.0
006 m|||||o||c||||||||
008 121016s2012 enk|||||||||||o|||v|eng d
035 |a (HSTalks)HST3121_1_2_20141204 
040 |a UKHST  |c UKHST 
040 |a HSTalks  |b eng  |c HSTalks 
100 1 |a Hopkinson, Nicholas.  |4 spk 
245 1 0 |a Lung volume reduction  |h [electronic resource] :  |b advances in Chronic Obstructive Pulmonary Disease /  |c Nicholas Hopkinson. 
246 3 |a Lung volume reduction : advances in COPD 
260 |a London :  |b Henry Stewart Talks,  |c 2012. 
300 |a 1 streaming video file (29 min.) :  |b digital, mono., SWF file, sd., col. 
490 1 |a Advances in Chronic Obstructive Pulmonary Disease (COPD) : new mechanisms, management strategies and treatments 
500 |a Animated audio-visual presentation with synchronized narration. 
500 |a Title from title frames. 
505 0 |a Contents: Hyperinflation in COPD -- Lung volume reduction surgery (LVRS) -- Bullectomy -- Bronchoscopic techniques including valves, airway bypass, coils, steam and fibrin glue. 
650 0 0 |a Lungs  |x Diseases, Obstructive  |x Treatment. 
650 0 2 |a Pneumonectomy. 
650 0 2 |a Pulmonary Disease, Chronic Obstructive  |x therapy. 
830 0 |a Henry Stewart talks.  |p Biomedical & life sciences collection.  |p Advances in Chronic Obstructive Pulmonary Disease (COPD) 
988 |a 20141204 
906 |0 OCLC